[Event "Dinslaken- Brackel 2"]
[Site "?"]
[Date "2023.09.24"]
[Round "2.5"]
[White "Stemmler, Fabian"]
[Black "Brockhaus, Philip"]
[Result "1/2-1/2"]
[WhiteElo "2146"]
[BlackElo "1956"]
[PlyCount "82"]
[EventDate "2023.??.??"]

1. e4 c6 2. d4 d5 3. exd5 cxd5 4. c4 Nf6 5. Nc3 Nc6 6. Nf3 a6 7. h3 g6 8. Bg5 Be6 9. Bxf6 exf6 10. Be2 Bg7 11. O-O O-O 12. Qd2 f5 13. Rfd1 Rc8 14. Rac1 Qa5 15. Nxd5 Qxd2 16. Rxd2 Bxd5 17. cxd5 Nxd4 18. Rcd1 Nxe2+ 19. Rxe2 Rfd8 20. Re7 Bxb2 21. Rxb7 Rc1 22. Rxc1 Bxc1 23. Rc7 Bf4 24. Rc4 Bd6 25. g3 a5 26. a4 Bb4 27. Rd4 Kg7 28. Ne5 Bc3 29. Nc6 Bxd4 30. Nxd8 Kf8 31. Nc6 Bb6 32. Kf1 Ke8 33. Ke2 f6 34. f3 Kd7 35. Kd3 Kd6 36. Kc4 Bc7 37. Nd4 Bb6 38. Nc6 Bc7 39. Nd4 Bb6 40. Nb5+ Kd7 41. Nd4 Kd6 1/2-1/2

[Event "Dinslaken- Brackel 2"]
[Site "?"]
[Date "2023.09.24"]
[Round "2.6"]
[White "Kleff, Andre"]
[Black "Elier, Ali"]
[Result "1/2-1/2"]
[WhiteElo "2111"]
[BlackElo "2181"]
[PlyCount "64"]
[EventDate "2023.??.??"]

1. d4 d5 2. e3 Nf6 3. f4 c5 4. c3 cxd4 5. exd4 Bf5 6. Nf3 e6 7. Be2 Bd6 8. O-O h6 9. Ne5 O-O 10. Nd2 Bxe5 11. fxe5 Ne4 12. Qe1 Nxd2 13. Bxd2 Nc6 14. b4 Ne7 15. a4 Rc8 16. a5 a6 17. Rf2 Rc6 18. Ra3 Nc8 19. Qd1 Na7 20. h3 Qh4 21. Kh2 Qe4 22. Ra2 Qb1 23. Qxb1 Bxb1 24. Ra1 Bg6 25. Raf1 Rfc8 26. Rf3 R8c7 27. g4 Be4 28. Re3 Bc2 29. Rf2 Rc8 30. Be1 Be4 31. Kg3 R6c7 32. h4 Nb5 1/2-1/2

[Event "Dinslaken- Brackel 2"]
[Site "?"]
[Date "2023.09.24"]
[Round "2.7"]
[White "Seref, Erdogan"]
[Black "Riekenbrauk, Joerg"]
[Result "1/2-1/2"]
[WhiteElo "1952"]
[BlackElo "1873"]
[PlyCount "42"]
[EventDate "2023.??.??"]

1. e4 Nf6 2. e5 Nd5 3. Nc3 Nxc3 4. dxc3 Nc6 5. Nf3 d6 6. Bc4 dxe5 7. Qxd8+ Nxd8 8. Nxe5 f6 9. Nd3 e5 10. Be3 Be6 11. Bb3 Kf7 12. O-O Bxb3 13. axb3 a6 14. b4 Rc8 15. Rfd1 Ne6 16. Ra5 Be7 17. Kf1 Rhd8 18. Ke2 e4 19. Nf4 Rxd1 20. Kxd1 Rd8+ 21. Ke2 c6 1/2-1/2

[Event "Dinslaken- Brackel 2"]
[Site "?"]
[Date "2023.09.24"]
[Round "2.8"]
[White "Borchert, Andreas"]
[Black "Schaede, Maximilian"]
[Result "1-0"]
[WhiteElo "1994"]
[BlackElo "1661"]
[PlyCount "69"]
[EventDate "2023.??.??"]

1. e4 c5 2. c3 d5 3. exd5 Qxd5 4. d4 Nf6 5. Nf3 Bg4 6. Be2 e6 7. Be3 cxd4 8. cxd4 Bb4+ 9. Nbd2 O-O 10. O-O Nc6 11. Nb3 Rac8 12. a3 Be7 13. h3 Bh5 14. Rc1 Rfd8 15. g4 Bg6 16. Bc4 Qd7 17. Bb5 Qd5 18. Bc4 Qd6 19. Nc5 Na5 20. Be2 Rc7 21. b4 b6 22. Qa4 Nb7 23. Nd3 Nd5 24. Bd2 Rxc1 25. Rxc1 Bxd3 26. Bxd3 Nf4 27. Bf1 Bf6 28. Qxa7 Qd5 29. Bxf4 Qxf3 30. Be3 Bxd4 31. Bg2 Qf6 32. Bxd4 Rxd4 33. Qxb7 g6 34. Qxb6 Rd2 35. Qe3 1-0

[Event "Elberfeld- Letmathe"]
[Site "?"]
[Date "2023.09.24"]
[Round "2.1"]
[White "Haub, Thorsten"]
[Black "Odendahl, Reiner"]
[Result "1-0"]
[WhiteElo "2370"]
[BlackElo "2295"]
[PlyCount "69"]
[EventDate "2023.??.??"]

1. Nf3 d6 2. g3 g6 3. Bg2 Bg7 4. O-O Nc6 5. c4 Nf6 6. Nc3 O-O 7. Rb1 a5 8. a3 e5 9. d3 Re8 10. Ne1 Nd4 11. b4 axb4 12. axb4 h6 13. b5 Rb8 14. Nc2 Bg4 15. h3 Bd7 16. Ba3 Qc8 17. Kh2 Ra8 18. Bb4 Bf8 19. f4 Bg7 20. e4 Ne6 21. f5 Nd4 22. g4 Qd8 23. Ne2 Ra2 24. Ncxd4 exd4 25. Ng3 Qe7 26. Ra1 Raa8 27. Rxa8 Rxa8 28. e5 Nxg4+ 29. Qxg4 Bxe5 30. Kh1 Ra2 31. Be1 c6 32. bxc6 h5 33. Nxh5 Rxg2 34. Kxg2 Bxc6+ 35. Kg1 1-0

[Event "Elberfeld- Letmathe"]
[Site "?"]
[Date "2023.09.24"]
[Round "2.2"]
[White "Volkov, Mykyta"]
[Black "Bosch, Jeroen"]
[Result "1/2-1/2"]
[WhiteElo "2269"]
[BlackElo "2409"]
[PlyCount "118"]
[EventDate "2023.??.??"]

1. d4 Nf6 2. c4 e5 3. dxe5 Ng4 4. e3 Nxe5 5. f4 Ng6 6. Bd3 d5 7. cxd5 Qxd5 8. Nc3 Bb4 9. Qc2 Nc6 10. Nf3 Bg4 11. O-O Qc5 12. Ng5 Rd8 13. Kh1 O-O 14. Nge4 Qh5 15. Ng3 Qh4 16. Nce4 Nge7 17. a3 Bd6 18. Nf2 Be6 19. Bd2 f5 20. Rae1 Rf6 21. Nh3 Bd5 22. Bc4 Bxc4 23. Qxc4+ Kh8 24. Ng5 Rdf8 25. Kg1 Ne5 26. Qe2 Rh6 27. Nf3 Nxf3+ 28. Qxf3 c6 29. h3 Nd5 30. Kh2 Kg8 31. Re2 Re6 32. b4 a6 33. Bc1 Bc7 34. Bb2 Bb6 35. Be5 g5 36. e4 fxe4 37. Rxe4 gxf4 38. Bxf4 Rxf4 39. Rxf4 Nxf4 40. Qxf4 Qxf4 41. Rxf4 Re3 42. Rg4+ Kf8 43. Nf5 Bc7+ 44. Kg1 Re5 45. Nd4 a5 46. bxa5 Bxa5 47. Nf3 Rd5 48. Kf1 b5 49. Nd4 Rd6 50. Ke2 Bb6 51. Nf5 Rg6 52. Rf4 Rxg2+ 53. Kf1 Rg1+ 54. Ke2 Ke8 55. a4 Rg2+ 56. Kd3 Rf2 57. Rxf2 Bxf2 58. axb5 cxb5 59. Nd6+ Kd7 1/2-1/2

[Event "Elberfeld- Letmathe"]
[Site "?"]
[Date "2023.09.24"]
[Round "2.3"]
[White "Schleining, Zoya"]
[Black "Ries, Benjamin"]
[Result "1-0"]
[WhiteElo "2331"]
[BlackElo "2238"]
[PlyCount "81"]
[EventDate "2023.??.??"]

1. e4 e5 2. Nf3 Nc6 3. Bb5 a6 4. Ba4 Nf6 5. O-O Be7 6. Bxc6 dxc6 7. d3 Nd7 8. Nbd2 O-O 9. b3 f6 10. Nh4 Nc5 11. Nf5 Bxf5 12. exf5 Qd4 13. Ba3 Rad8 14. Ne4 Rd7 15. Bxc5 Bxc5 16. Qg4 Bb4 17. h3 a5 18. a3 Bc3 19. Rab1 b6 20. Rfc1 c5 21. a4 Kh8 22. Qf3 Qb4 23. g3 Rfd8 24. Kg2 Rd5 25. h4 Kg8 26. Rd1 Kf8 27. g4 Rd4 28. g5 Ke7 29. Kf1 c6 30. Ke2 Rf8 31. Rg1 Rf7 32. gxf6+ gxf6 33. Rg8 b5 34. Rb8 Rd7 35. Rg1 Rd8 36. Rb7+ Rd7 37. Rxd7+ Kxd7 38. axb5 Bb2 39. bxc6+ Kc7 40. Qh5 Re7 41. Qh6 1-0

[Event "Elberfeld- Letmathe"]
[Site "?"]
[Date "2023.09.24"]
[Round "2.4"]
[White "Dresen, Ulrich"]
[Black "Soukup, Jiri"]
[Result "0-1"]
[WhiteElo "2190"]
[BlackElo "2358"]
[PlyCount "56"]
[EventDate "2023.??.??"]

1. d4 d5 2. Nf3 Nf6 3. Bf4 e6 4. e3 Bd6 5. Bxd6 Qxd6 6. c4 O-O 7. Nc3 a6 8. Rc1 Nbd7 9. Be2 dxc4 10. Bxc4 b5 11. Be2 Bb7 12. O-O Rfd8 13. a3 Qe7 14. Qc2 c5 15. Rfd1 Rac8 16. Qb1 cxd4 17. Nxd4 Ne5 18. h3 Rxc3 19. bxc3 Ne4 20. Qb2 Qh4 21. Bf1 Ng5 22. Qe2 h5 23. Nf5 Nxh3+ 24. Kh1 exf5 25. Rxd8+ Qxd8 26. e4 Qh4 27. Qe3 Nxf2+ 28. Kg1 Neg4 0-1

[Event "Elberfeld- Letmathe"]
[Site "?"]
[Date "2023.09.24"]
[Round "2.5"]
[White "Mollema, Thomas"]
[Black "Hintze, Helge"]
[Result "1/2-1/2"]
[WhiteElo "2245"]
[BlackElo "2276"]
[PlyCount "38"]
[EventDate "2023.??.??"]

1. e4 e6 2. d4 d5 3. exd5 exd5 4. Nf3 Bd6 5. Bd3 Qe7+ 6. Qe2 Qxe2+ 7. Kxe2 Ne7 8. Nc3 c6 9. Re1 f6 10. Kf1 Kf7 11. h3 Be6 12. Ne2 Bf5 13. Nf4 Bxd3+ 14. Nxd3 Ng6 15. Bd2 Na6 16. Re2 Rhe8 17. Rae1 Rxe2 18. Rxe2 h5 19. Ng1 Re8 1/2-1/2

[Event "Elberfeld- Letmathe"]
[Site "?"]
[Date "2023.09.24"]
[Round "2.6"]
[White "Kurr, Gerd"]
[Black "Gruermann, Martin"]
[Result "1/2-1/2"]
[WhiteElo "2204"]
[BlackElo "2218"]
[PlyCount "45"]
[EventDate "2023.??.??"]

1. d4 Nf6 2. Nf3 g6 3. c4 Bg7 4. Nc3 d5 5. cxd5 Nxd5 6. e4 Nxc3 7. bxc3 c5 8. Bb5+ Bd7 9. Bxd7+ Qxd7 10. O-O cxd4 11. cxd4 Nc6 12. Be3 O-O 13. d5 Ne5 14. Nxe5 Bxe5 15. Rc1 Rfc8 16. Qb3 Rxc1 17. Rxc1 Rc8 18. Rxc8+ Qxc8 19. Qa3 Qc2 20. g3 Qb1+ 21. Qc1 Qxc1+ 22. Bxc1 Bd4 23. Kf1 1/2-1/2

[Event "Elberfeld- Letmathe"]
[Site "?"]
[Date "2023.09.24"]
[Round "2.7"]
[White "Pfleger, Sascha"]
[Black "Tymura, Achim"]
[Result "1-0"]
[WhiteElo "2038"]
[BlackElo "2024"]
[PlyCount "161"]
[EventDate "2023.??.??"]

1. f4 d5 2. Nf3 c5 3. e3 Nc6 4. b3 Nf6 5. Bb2 e6 6. Bb5 Bd7 7. O-O Be7 8. Bxc6 Bxc6 9. Ne5 Qc7 10. d3 Rg8 11. Nd2 g6 12. Ndf3 Nd7 13. Nxd7 Bxd7 14. Qe1 f6 15. Qh4 Rf8 16. Qxh7 Bc6 17. Qh3 Qd7 18. a4 O-O-O 19. d4 c4 20. Ba3 Bxa3 21. Rxa3 Rde8 22. Qg3 Qd6 23. Raa1 Qb4 24. Qe1 Qxe1 25. Rfxe1 cxb3 26. cxb3 a5 27. Rec1 Kd7 28. Rc3 Rc8 29. Kf2 Kd6 30. Ke1 Bd7 31. Rxc8 Rxc8 32. Kd2 Rh8 33. h4 Bc6 34. Kc3 Rc8 35. Kb2 Rb8 36. b4 axb4 37. Kb3 Bd7 38. Kxb4 Rc8 39. Kb3 Rc6 40. a5 Ra6 41. Ra2 Bb5 42. Kb4 Bc4 43. Ra3 b6 44. Nd2 bxa5+ 45. Rxa5 Rb6+ 46. Kc3 Be2 47. Nb3 Rb8 48. Nc1 Bc4 49. Ra7 Rc8 50. Nd3 Bb5+ 51. Nc5 Rf8 52. Rg7 Be8 53. Nd3 Bf7 54. g4 Ke7 55. Rh7 Rc8+ 56. Kd2 Kf8 57. g5 Kg8 58. Rh6 Kg7 59. Nc5 Rc7 60. h5 gxh5 61. Rxf6 Re7 62. Rh6 Bg6 63. Nd3 Ra7 64. Ne5 Bf5 65. Rxh5 Ra2+ 66. Kc3 Re2 67. Rh4 Rxe3+ 68. Kb4 Rg3 69. Kc5 Rg1 70. Kd6 Rg2 71. Nc6 Re2 72. Ne7 Bc2 73. Rh6 Re4 74. Rf6 Rxd4 75. Kxe6 Re4+ 76. Kd6 d4 77. Nf5+ Kg8 78. Nh6+ Kg7 79. f5 d3 80. Rf7+ Kh8 81. g6 1-0

[Event "Elberfeld- Letmathe"]
[Site "?"]
[Date "2023.09.24"]
[Round "2.8"]
[White "Arold, Gerhard"]
[Black "Heeke, Guido"]
[Result "1-0"]
[WhiteElo "2107"]
[BlackElo "1866"]
[PlyCount "65"]
[EventDate "2023.??.??"]

1. e4 c6 2. d4 d5 3. Nc3 dxe4 4. Nxe4 Bf5 5. Ng3 Bg6 6. Nf3 Nd7 7. h4 h6 8. h5 Bh7 9. Bd3 Bxd3 10. Qxd3 Ngf6 11. Bd2 e6 12. Qe2 Be7 13. O-O-O Qb6 14. Ne5 Nxe5 15. dxe5 Nd7 16. f4 O-O-O 17. Ne4 Kb8 18. Rh3 Qc7 19. Rg3 Rhg8 20. Be3 Nb6 21. Rxd8+ Qxd8 22. Qd2 Nd5 23. Bd4 b6 24. Bf2 Nb4 25. Qxd8+ Bxd8 26. Nf6 Bxf6 27. exf6 Nd5 28. Bd4 Nb4 29. Rxg7 Rf8 30. Be5+ Kc8 31. Bd6 Nxa2+ 32. Kb1 Rd8 33. Be7 1-0

[Event "Lasker Köln- Münster 2"]
[Site "?"]
[Date "2023.09.24"]
[Round "2.1"]
[White "Weidemann, Jakob"]
[Black "Paris, Michael"]
[Result "1-0"]
[WhiteElo "2135"]
[BlackElo "2135"]
[PlyCount "81"]
[EventDate "2023.??.??"]

1. e4 e5 2. Nf3 Nc6 3. Bc4 Bc5 4. O-O Nf6 5. d3 h6 6. c3 d6 7. Re1 O-O 8. h3 a6 9. Bb3 Re8 10. Nbd2 Be6 11. Nf1 Ba7 12. Ng3 d5 13. Qe2 Qd7 14. Bc2 Rad8 15. Kh2 b5 16. Nh4 Bg4 17. Qf1 dxe4 18. dxe4 Ne7 19. a4 b4 20. cxb4 Nc6 21. Be3 Bxe3 22. Rxe3 Nxb4 23. Bb3 Be6 24. a5 c5 25. Ba4 Qb7 26. Bxe8 Rxe8 27. Rc1 Qc7 28. Rec3 Qxa5 29. Rxc5 Qa2 30. Qe2 Rd8 31. R5c3 Qa5 32. Ra3 Qb6 33. Nhf5 Qb7 34. Rd1 Rb8 35. Qf3 Nc2 36. Rad3 Bxf5 37. Rd8+ Ne8 38. Nxf5 Nd4 39. Nxh6+ gxh6 40. R1xd4 exd4 41. Qg3+ 1-0

[Event "Lasker Köln- Münster 2"]
[Site "?"]
[Date "2023.09.24"]
[Round "2.3"]
[White "Schroeder, Lennart"]
[Black "Pawelzik, Malte"]
[Result "1/2-1/2"]
[WhiteElo "2050"]
[BlackElo "2137"]
[PlyCount "40"]
[EventDate "2023.??.??"]

1. d4 Nf6 2. c4 g6 3. Nc3 d5 4. cxd5 Nxd5 5. e4 Nxc3 6. bxc3 Bg7 7. Nf3 c5 8. Rb1 O-O 9. Be2 cxd4 10. cxd4 Qa5+ 11. Bd2 Qxa2 12. O-O Bg4 13. Rxb7 Bxf3 14. Bxf3 Bxd4 15. e5 Na6 16. Rxe7 Rad8 17. Qe2 Nc5 18. Bh6 Qxe2 19. Bxe2 Rfe8 20. Rxa7 Rxe5 1/2-1/2

[Event "Lasker Köln- Münster 2"]
[Site "?"]
[Date "2023.09.24"]
[Round "2.4"]
[White "Nagel, Bernhard"]
[Black "Virnyi, Julius"]
[Result "1/2-1/2"]
[WhiteElo "2142"]
[BlackElo "2111"]
[PlyCount "111"]
[EventDate "2023.??.??"]

1. e4 c5 2. c3 Nf6 3. e5 Nd5 4. Nf3 Nc6 5. Bc4 Nb6 6. Bb3 c4 7. Bc2 d6 8. exd6 Qxd6 9. O-O g6 10. Na3 Bg7 11. b3 cxb3 12. axb3 O-O 13. d4 e5 14. Nb5 Qb8 15. dxe5 Rd8 16. Qe2 Bg4 17. h3 Bxf3 18. Qxf3 Qxe5 19. Nd4 Rxd4 20. cxd4 Nxd4 21. Qd3 Nxc2 22. Rb1 Nb4 23. Qf3 N6d5 24. Bd2 Qf5 25. Qxf5 gxf5 26. Bxb4 Nxb4 27. Rfd1 b6 28. Rd7 Bf8 29. Re1 Kg7 30. Re3 a5 31. Rf3 Re8 32. Rxf5 Re1+ 33. Kh2 Be7 34. Rb7 Re6 35. g3 Kg6 36. Rf3 h5 37. Kg2 f6 38. Rb8 Bc5 39. Rg8+ Kh7 40. Rd8 Nc6 41. Rd5 Kg6 42. Rf4 Re5 43. Rd2 Re1 44. g4 hxg4 45. Rxg4+ Kf5 46. Rg3 Nd4 47. h4 Ne6 48. Rf3+ Nf4+ 49. Kh2 Kg4 50. Rg3+ Kxh4 51. Rd8 Re5 52. Rh8+ Rh5 53. Rhg8 Rg5 54. Rh8+ Rh5 55. Rhg8 Rg5 56. Rh8+ 1/2-1/2

[Event "Lasker Köln- Münster 2"]
[Site "?"]
[Date "2023.09.24"]
[Round "2.5"]
[White "Boesel, Alexander"]
[Black "Loseries, Uwe"]
[Result "1-0"]
[WhiteElo "2008"]
[BlackElo "2152"]
[PlyCount "77"]
[EventDate "2023.??.??"]

1. e4 c6 2. d4 d5 3. e5 c5 4. Nf3 Nc6 5. Be3 cxd4 6. Bxd4 Bg4 7. Nbd2 a6 8. Be2 e6 9. O-O Nge7 10. c4 Nf5 11. cxd5 Qxd5 12. Bc3 Be7 13. Qa4 Bxf3 14. Bxf3 Qb5 15. Qe4 Bb4 16. Bxb4 Qxb4 17. Qxb4 Nxb4 18. Bxb7 Rb8 19. Be4 Ne7 20. Nc4 O-O 21. Rfc1 Rfd8 22. a3 Nbd5 23. b4 Nf4 24. Rd1 Rdc8 25. Nd6 Rc7 26. Bb7 Nfg6 27. Bxa6 Nxe5 28. b5 Nd5 29. Rac1 Rd7 30. Rc8+ Rxc8 31. Nxc8 Nc4 32. a4 Kf8 33. h4 Nb2 34. Rxd5 exd5 35. b6 Nxa4 36. b7 Rxb7 37. Bxb7 d4 38. Kf1 Nc5 39. Bf3 1-0

[Event "Lasker Köln- Münster 2"]
[Site "?"]
[Date "2023.09.24"]
[Round "2.6"]
[White "Mandt, Mathias"]
[Black "Kubo, Thomas"]
[Result "0-1"]
[WhiteElo "2078"]
[BlackElo "2032"]
[PlyCount "80"]
[EventDate "2023.??.??"]

1. d4 e6 2. c4 Bb4+ 3. Nc3 c5 4. Qb3 Qa5 5. e3 Nf6 6. Bd2 cxd4 7. exd4 Nc6 8. Nf3 O-O 9. Be2 d5 10. O-O dxc4 11. Bxc4 Rd8 12. a3 Bxc3 13. bxc3 Qc7 14. Qc2 h6 15. Rfe1 Na5 16. Bd3 Bd7 17. Ne5 Be8 18. Rac1 Rac8 19. Qb2 Nc6 20. Nf3 Ne7 21. c4 Nc6 22. Bc3 Qf4 23. Qe2 Qd6 24. Bb2 Na5 25. Rcd1 Ba4 26. Rd2 Nb3 27. Rc2 Na5 28. Rc3 Bc6 29. Bc2 Bxf3 30. Rxf3 Nxc4 31. Bc1 Qxd4 32. Rf4 Qc3 33. Rf3 Qe5 34. Qf1 Qh5 35. Rh3 Qa5 36. Qe2 Rd5 37. Bb3 Re5 38. Be3 Nxe3 39. fxe3 Qc3 40. e4 Qd4+ 0-1

[Event "Lasker Köln- Münster 2"]
[Site "?"]
[Date "2023.09.24"]
[Round "2.7"]
[White "Kamp, Aaron"]
[Black "Strohmeyer, Jochen"]
[Result "1/2-1/2"]
[WhiteElo "1887"]
[BlackElo "2145"]
[PlyCount "66"]
[EventDate "2023.??.??"]

1. e4 e5 2. d4 exd4 3. Nf3 Nc6 4. Bc4 Nf6 5. e5 d5 6. Bb5 Ne4 7. Nxd4 Bd7 8. Bxc6 bxc6 9. O-O Bc5 10. f3 Ng5 11. Be3 Bb6 12. f4 Ne4 13. c3 c5 14. Nf3 Bg4 15. h3 Bxf3 16. Qxf3 O-O 17. Nd2 Nxd2 18. Bxd2 f6 19. e6 f5 20. Rfe1 Qd6 21. Re5 c4+ 22. Be3 Rae8 23. Bxb6 Qxb6+ 24. Kh2 c6 25. Qe2 Rf6 26. Re1 Re7 27. Qc2 g6 28. R1e2 Qb5 29. Qd1 Kg7 30. Qe1 Qb6 31. Qh4 Qb7 32. Qf2 Qb6 33. Qh4 Qc5 1/2-1/2

[Event "Lasker Köln- Münster 2"]
[Site "?"]
[Date "2023.09.24"]
[Round "2.8"]
[White "Senay, Baris"]
[Black "Klugstedt, Vincent"]
[Result "0-1"]
[WhiteElo "1990"]
[BlackElo "1858"]
[PlyCount "108"]
[EventDate "2023.??.??"]

1. Nf3 Nf6 2. c4 c5 3. g3 Nc6 4. Bg2 g6 5. O-O Bg7 6. Nc3 O-O 7. d4 cxd4 8. Nxd4 Ng4 9. e3 Nge5 10. b3 d6 11. Nxc6 Nxc6 12. Bb2 Qa5 13. Qc2 Bf5 14. e4 Nd4 15. Qd3 Bg4 16. h3 Be6 17. Na4 Nc6 18. Bxg7 Kxg7 19. f4 f6 20. Kh2 Rac8 21. Nc3 a6 22. Rfe1 Bf7 23. a3 Qc5 24. Nd5 e5 25. b4 Qd4 26. Qb3 Qa7 27. Rac1 Nd4 28. Qe3 b5 29. c5 dxc5 30. bxc5 Rfe8 31. fxe5 fxe5 32. Rf1 Rc6 33. Nb4 Rxc5 34. Rxc5 Qxc5 35. Qf2 Bc4 36. Qf6+ Kg8 37. Rf2 a5 38. Nd5 Bxd5 39. exd5 Rf8 40. Qxf8+ Qxf8 41. Rxf8+ Kxf8 42. Be4 Ke7 43. g4 b4 44. axb4 axb4 45. h4 b3 46. g5 b2 47. h5 Nf3+ 48. Kg2 Nd2 49. hxg6 Nxe4 50. gxh7 b1=Q 51. h8=Q Qc2+ 52. Kf3 Qd3+ 53. Kg4 Qg3+ 54. Kf5 Qf4+ 0-1

[Event "Bielefeld- Brühl"]
[Site "?"]
[Date "2023.09.24"]
[Round "2.1"]
[White "Loifenfeld, Jakov"]
[Black "Forchert, Martin"]
[Result "1/2-1/2"]
[WhiteElo "2369"]
[BlackElo "2317"]
[PlyCount "34"]
[EventDate "2023.??.??"]

1. d4 d5 2. c4 dxc4 3. Nf3 a6 4. e4 b5 5. a4 Bb7 6. Nc3 b4 7. Bxc4 e6 8. Qb3 Nc6 9. a5 Nxd4 10. Nxd4 Qxd4 11. Be3 Qe5 12. Qa4+ c6 13. f4 Qc7 14. Ne2 Nf6 15. e5 Nd7 16. O-O Be7 17. Ng3 O-O 1/2-1/2

[Event "Bielefeld- Brühl"]
[Site "?"]
[Date "2023.09.24"]
[Round "2.2"]
[White "Gruen, Gerd"]
[Black "Keller, Thomas"]
[Result "1/2-1/2"]
[WhiteElo "2269"]
[BlackElo "2253"]
[PlyCount "66"]
[EventDate "2023.??.??"]

1. d4 Nf6 2. Nf3 c5 3. d5 e6 4. c4 b5 5. dxe6 fxe6 6. cxb5 d5 7. Nc3 Bb7 8. e4 Nbd7 9. e5 Ng4 10. Qe2 Be7 11. h3 Nh6 12. Bxh6 gxh6 13. Nd2 O-O 14. O-O-O Kh8 15. g3 d4 16. Nce4 Nxe5 17. f4 Nf7 18. Bg2 Qa5 19. Kb1 Bd5 20. b3 Rab8 21. Ng5 hxg5 22. Bxd5 exd5 23. Qxe7 Qxb5 24. fxg5 Qd3+ 25. Ka1 Qc3+ 26. Kb1 Qd3+ 27. Ka1 Qc3+ 28. Kb1 c4 29. Qf6+ Kg8 30. g6 Qd3+ 31. Ka1 Qc3+ 32. Kb1 Qd3+ 33. Ka1 Qc3+ 1/2-1/2

[Event "Bielefeld- Brühl"]
[Site "?"]
[Date "2023.09.24"]
[Round "2.3"]
[White "Gramb, Marius"]
[Black "Simon, Hans- Christian"]
[Result "1-0"]
[WhiteElo "2227"]
[BlackElo "2151"]
[PlyCount "87"]
[EventDate "2023.??.??"]

1. e4 e5 2. Nf3 Nf6 3. d4 Nxe4 4. Bd3 d5 5. Nxe5 Nd7 6. Nxd7 Bxd7 7. O-O Bd6 8. Nc3 Qh4 9. g3 Nxc3 10. bxc3 Qh3 11. Re1+ Kf8 12. Qf3 c6 13. Bf4 Be7 14. Re3 Bg4 15. Qh1 g5 16. Rae1 gxf4 17. Rxe7 Qh5 18. R7e5 Qh6 19. f3 Be6 20. Qg2 Rg8 21. Qd2 Rd8 22. Bf5 Rd6 23. g4 Bxf5 24. Rxf5 Rf6 25. Ree5 Rgg6 26. Rh5 Qg7 27. h3 h6 28. c4 dxc4 29. Qb4+ Kg8 30. Qxb7 c3 31. Qxa7 Rd6 32. Qc5 Rd8 33. a4 Rgd6 34. d5 Rxd5 35. Rxd5 cxd5 36. Rxd5 Re8 37. Rd3 Qf6 38. Qf2 Rb8 39. Kg2 Rb2 40. a5 Qa6 41. Rxc3 Qxa5 42. Rc8+ Kh7 43. Qd4 f6 44. Qd7+ 1-0

[Event "Bielefeld- Brühl"]
[Site "?"]
[Date "2023.09.24"]
[Round "2.4"]
[White "Goeßling, Guido"]
[Black "Schaefer, Juergen"]
[Result "1-0"]
[WhiteElo "2186"]
[BlackElo "2128"]
[PlyCount "111"]
[EventDate "2023.??.??"]

1. e4 g6 2. d4 Bg7 3. Nc3 d6 4. Be3 c6 5. Qd2 Nd7 6. Nf3 b5 7. Bd3 Nb6 8. h3 Nc4 9. Bxc4 bxc4 10. O-O Nf6 11. Rfe1 O-O 12. Bh6 Rb8 13. b3 Be6 14. Bxg7 Kxg7 15. d5 cxd5 16. exd5 Bd7 17. Qd4 Re8 18. Qxc4 Rc8 19. Qd3 Qc7 20. Re3 e5 21. dxe6 Rxe6 22. Rae1 Rxe3 23. Rxe3 Bf5 24. Qd4 Qc5 25. g4 Be6 26. g5 Qxd4 27. Nxd4 Nh5 28. Ncb5 d5 29. Nd6 Rb8 30. Nxe6+ fxe6 31. Rxe6 Nf4 32. Re7+ Kg8 33. Kh2 Rb6 34. Re8+ Kg7 35. Re7+ Kg8 36. Rd7 Ne6 37. h4 Kf8 38. Rf7+ Kg8 39. Rd7 Kf8 40. c4 Nc5 41. Rf7+ Kg8 42. Rc7 Rxd6 43. Rxc5 dxc4 44. Rxc4 Rd2 45. Rc8+ Kf7 46. Rc7+ Ke6 47. Rxa7 Rxf2+ 48. Kg3 Rb2 49. Rxh7 Rxa2 50. Rg7 Kf5 51. Rf7+ Ke5 52. Rf6 Rb2 53. Rxg6 Rxb3+ 54. Kg4 Rb4+ 55. Kh5 Rf4 56. Ra6 1-0

[Event "Bielefeld- Brühl"]
[Site "?"]
[Date "2023.09.24"]
[Round "2.5"]
[White "Engel, Johann"]
[Black "Winkler, Yonathan"]
[Result "1/2-1/2"]
[WhiteElo "2142"]
[BlackElo "1988"]
[PlyCount "120"]
[EventDate "2023.??.??"]

1. d4 d5 2. c4 c6 3. Nc3 Nf6 4. Bg5 Ne4 5. Nxe4 dxe4 6. g3 g6 7. Qd2 Bg7 8. Rd1 Bf5 9. Bg2 Nd7 10. f3 exf3 11. Bxf3 h6 12. e4 Bxe4 13. Bxe4 hxg5 14. Nf3 g4 15. Ng5 Nf6 16. Bb1 Rh5 17. Ne4 Nxe4 18. Bxe4 Qd6 19. O-O f5 20. c5 Qc7 21. Bh1 O-O-O 22. Qe3 Bh6 23. Qe6+ Qd7 24. Rfe1 Bg7 25. Qxd7+ Rxd7 26. d5 cxd5 27. Bxd5 Kc7 28. Bf7 Bd4+ 29. Kg2 e5 30. Bxg6 Rg5 31. Be8 Rd8 32. Ba4 Rgg8 33. Bb3 Rgf8 34. Be6 Rf6 35. Bc4 Bxb2 36. Rxd8 Kxd8 37. Rb1 Bd4 38. Rxb7 Bxc5 39. h3 gxh3+ 40. Kxh3 Rh6+ 41. Kg2 Rg6 42. Bf7 Rd6 43. Rb5 Rd2+ 44. Kh3 Bd4 45. Be6 Rf2 46. Rb7 Rf3 47. Kg2 Rf2+ 48. Kh3 f4 49. gxf4 Rxf4 50. Rf7 Re4 51. Bd5 Re1 52. Kg4 Ke8 53. Rh7 Rf1 54. Kg5 Bc5 55. Kg6 Be7 56. Rf7 Rd1 57. Bc6+ Kd8 58. Kf5 Rd2 59. a4 Rf2+ 60. Ke6 Rxf7 1/2-1/2

[Event "Bielefeld- Brühl"]
[Site "?"]
[Date "2023.09.24"]
[Round "2.6"]
[White "Koehler, Justus"]
[Black "Kubitza, Georg"]
[Result "1/2-1/2"]
[WhiteElo "2039"]
[BlackElo "1946"]
[PlyCount "128"]
[EventDate "2023.??.??"]

1. e4 Nf6 2. e5 Nd5 3. d4 Nb6 4. a4 a5 5. Nf3 d5 6. Bd3 Bg4 7. h3 Bxf3 8. Qxf3 e6 9. Be3 Na6 10. c3 Nd7 11. O-O g6 12. Qg3 Be7 13. Bh6 Bf8 14. Bxf8 Nxf8 15. Nd2 Qe7 16. f4 Nd7 17. Nf3 c6 18. Rfb1 b6 19. Kh1 Nc7 20. b4 axb4 21. cxb4 O-O 22. h4 Rfb8 23. h5 c5 24. dxc5 bxc5 25. b5 Ra5 26. Qe1 Raa8 27. Ng5 c4 28. Bc2 f6 29. exf6 Qxf6 30. hxg6 hxg6 31. Qh4 Nf8 32. Ra3 Rxb5 33. Rxb5 Nxb5 34. Rh3 Nd4 35. Bxg6 Nxg6 36. Qh7+ Kf8 37. Rh6 Rxa4 38. g3 Ra1+ 39. Kg2 Nxf4+ 40. gxf4 Ra2+ 41. Kh1 Ra1+ 42. Kg2 Qg7 43. Rxe6 Qxh7 44. Nxh7+ Kg7 45. Re7+ Kg6 46. Nf8+ Kf6 47. Rc7 Kf5 48. Nd7 Ne6 49. Rc8 Nxf4+ 50. Kf2 Ne6 51. Nb6 Ra2+ 52. Ke1 Nf4 53. Nxd5 Nxd5 54. Rxc4 Ke5 55. Rh4 Nf4 56. Rh8 Ke4 57. Re8+ Kf3 58. Kd1 Nd5 59. Kc1 Rh2 60. Kd1 Nc3+ 61. Kc1 Ne4 62. Kd1 Ke3 63. Re7 Rd2+ 64. Kc1 Rd6 1/2-1/2

[Event "Bielefeld- Brühl"]
[Site "?"]
[Date "2023.09.24"]
[Round "2.7"]
[White "Liehs, Konstantin"]
[Black "Beilfuß, Wilfried"]
[Result "0-1"]
[WhiteElo "1564"]
[BlackElo "2092"]
[PlyCount "178"]
[EventDate "2023.??.??"]

1. d4 Nf6 2. c4 e6 3. Nf3 b6 4. Nc3 Bb4 5. e3 Ne4 6. Qc2 Bb7 7. Bd3 f5 8. Bd2 Bxc3 9. Bxc3 d6 10. c5 O-O 11. Bd2 bxc5 12. dxc5 Nxc5 13. Be2 Be4 14. Qc4 Bd5 15. Qc2 Qe7 16. Rc1 a5 17. b3 Nc6 18. O-O Nb4 19. Qb1 Rfb8 20. Rcd1 Be4 21. Qa1 a4 22. Bxb4 Rxb4 23. Qc3 Rab8 24. Nd2 axb3 25. axb3 Nxb3 26. Nxe4 fxe4 27. Rb1 c5 28. Bc4 Na5 29. Rxb4 cxb4 30. Qd4 Nxc4 31. Qxc4 d5 32. Qb3 Qc5 33. Rb1 Rb6 34. Qa4 Qb5 35. Qb3 Qd3 36. Qb2 Qb5 37. Rc1 Rc6 38. Rb1 b3 39. h3 Rb6 40. Rc1 Rb7 41. Rc8+ Kf7 42. Qe5 h6 43. Qh5+ Ke7 44. Qe5 Kd7 45. Rc1 Qb4 46. Qxg7+ Qe7 47. Qb2 e5 48. Rd1 Ke6 49. Rc1 Qd7 50. Rc3 Qb5 51. Rc1 Kd6 52. f4 exf3 53. gxf3 Qd3 54. Rc3 Qb5 55. Rc1 Qb4 56. f4 Re7 57. Rc3 exf4 58. Rxb3 Qe1+ 59. Kh2 Qg3+ 60. Kh1 Qxh3+ 61. Kg1 Qg3+ 62. Kh1 Qf3+ 63. Kh2 Qh5+ 64. Kg2 f3+ 65. Kg3 Qg6+ 66. Kh2 Qg2+ 67. Qxg2 fxg2 68. Kxg2 Ke5 69. Rb4 h5 70. Rh4 Rg7+ 71. Kf3 Rg5 72. Rh3 Rf5+ 73. Ke2 Kf6 74. Kd3 Kg5 75. Rg3+ Kh4 76. Rg1 Kh3 77. e4 dxe4+ 78. Kxe4 Ra5 79. Kf4 Kh2 80. Rg5 Ra4+ 81. Kf3 Ra3+ 82. Kf2 Ra2+ 83. Kf3 h4 84. Rg8 h3 85. Rg7 Kh1 86. Rc7 Ra1 87. Kg3 Ra3+ 88. Kf2 Kh2 89. Rc1 Ra8 0-1